000 00977nam a22003497a 4500
001 0075
003 DO-SdBNP
005 20171212145312.0
007 0075
008 151103b1988 sp ||||| |||| 00| 0 spa d
020 _a8432091200
040 _aBPMSU
_bspa
_cBPMSU
041 1 7 _aspa
_h
082 _2
_a813.5
_bH749S
092 _a
_b
100 1 0 _aConan Doyle, Arthur,
_c
_d1859-1930
240 _a The adventures of Sherlock Holmes.
245 1 4 _aLas aventuras de Sherlock Holmes /
_c Arthur Conan Doyle
250 _a2a. ed.
260 _aBarcelona :
_bPlaneta,
_c1988
300 _a175 p. :
_bil.,
_c20 cm.
490 1 0 _a Biblioteca mundial de Grandes aventuras
490 1 0 _a
504 _a
650 _aNOVELA POLICÍACA ESTADOUNIDENSE
700 1 0 _a
_e
830 0 0 _aBiblioteca mundial de Grandes aventuras
830 0 0 _a
942 _2ddc
_cBK
945 _aInventariado extranjero 2017 / YL
956 _aVMATEO
_b10
_c20160716
_dBPMSU
_f00069
999 _c10717
_d10717